Welcome to CU Library Online Public Access Catalogue (OPAC)

Managerial Accounting (Record no. 9221)

MARC details
000 -LEADER
fixed length control field 00516nam a22001577a 4500
005 - DATE AND TIME OF LATEST TRANSACTION
control field 20260415154830.0
008 - FIXED-LENGTH DATA ELEMENTS--GENERAL INFORMATION
fixed length control field 260415b |||||||| |||| 00| 0 eng d
020 ## - INTERNATIONAL STANDARD BOOK NUMBER
International Standard Book Number 9780070871113
050 ## - LIBRARY OF CONGRESS CALL NUMBER
Classification number HF5657.4
Item number .M38
245 ## - TITLE STATEMENT
Title Managerial Accounting
Remainder of title concepts for planning, control, decision making
Statement of responsibility, etc. Ray H. Garrison et al.,
250 ## - EDITION STATEMENT
Edition statement 5th ed.
Remainder of edition statement Canadian edition
260 ## - PUBLICATION, DISTRIBUTION, ETC.
Place of publication, distribution, etc. Toronto
Name of publisher, distributor, etc. McGraw-Hill Ryerson
Date of publication, distribution, etc. 2001
300 ## - PHYSICAL DESCRIPTION
Extent xxxi. 938p.
Other physical details ill. color
Dimensions 28cm
700 ## - ADDED ENTRY--PERSONAL NAME
Personal name Garrison, Ray H.
942 ## - ADDED ENTRY ELEMENTS (KOHA)
Source of classification or shelving scheme Library of Congress Classification
Koha item type Books
Edition 5th ed.
Suppress in OPAC No
999 ## -
-- 9221
-- 9221
Holdings
Withdrawn status Lost status Source of classification or shelving scheme Damaged status Not for loan Collection Home library Current library Shelving location Date acquired Total checkouts Full call number Barcode Date last seen Copy number Price effective from Koha item type
    Library of Congress Classification     Non-fiction Business Library (Miotso) Business Library (Miotso) General stacks 04/15/2026   HF5657.4 .M38 MAN BSSM00003185 04/15/2026 1 04/15/2026 Books
© 2023-2024 Copyright: Central University Libraries. All Rights Reserved | Created by: Mahone Tech Office